000 00898nam a2200241Ia 4500
003 OSt
005 20220923222349.0
006 a|||||r|||| 00| 0
007 ta
008 220922b |||||||| |||| 00| 0 hin d
024 _a204,626
037 _cTextual
040 _aARTS
_cARTS
_bhin
041 _2hin
_ahin
082 _aO157,3M38,17, 152L5
100 _aचट्टोपाध्याय, बंकिमचंद्र; त्रिपाठी, रमानाथ, अनु.
_9166817
245 0 _aदुर्गेशनंदिनी
246 _aDurgeshanandinī
260 _c1975
650 _aबंगाली साहित्य
_9156264
942 _hO157,3M38,17, 152L5
_cTEXL
_2CC
999 _c355374
_d355374